[Event "Russian Team Championships 2014 (women)"]
[Site "Sochi (Loo)"]
[Date "2014.04.11"]
[Round "4.5"]
[White "Gunina, Valentina"]
[Black "Galliamova, Alisa"]
[Result "1-0"]
[LiveChessVersion "1.4.2"]
[BlackElo "2458"]
[WhiteElo "2508"]
[BlackTeam "Ladja"]
[WhiteTeam "SHSM-Nashe nasledie"]

1. d4 {[%clk 1:30:57]} d5 {[%clk 1:30:56]} 2. c4 {[%clk 1:31:23]} c6
{[%clk 1:31:22]} 3. Nf3 {[%clk 1:31:33]} Nf6 {[%clk 1:31:46]} 4. Nc3
{[%clk 1:31:28]} e6 {[%clk 1:32:09]} 5. Bg5 {[%clk 1:31:53]} h6 {[%clk 1:32:34]}
6. Bxf6 {[%clk 1:32:19]} Qxf6 {[%clk 1:32:58]} 7. Qb3 {[%clk 1:32:44]} Qf5
{[%clk 1:14:17]} 8. Rc1 {[%clk 1:26:09]} Nd7 {[%clk 1:13:42]} 9. g3
{[%clk 1:18:44]} g5 {[%clk 1:02:14]} 10. Bg2 {[%clk 1:15:51]} Bg7
{[%clk 1:01:58]} 11. O-O {[%clk 1:15:06]} O-O {[%clk 1:01:54]} 12. Rfe1
{[%clk 1:06:10]} e5 {[%clk 0:49:39]} 13. cxd5 {[%clk 1:02:17]} exd4
{[%clk 0:49:41]} 14. e4 {[%clk 1:02:28]} dxe3 {[%clk 0:40:22]} 15. Rxe3
{[%clk 1:02:18]} Nb6 {[%clk 0:40:03]} 16. Nd2 {[%clk 0:53:35]} Bd7
{[%clk 0:39:00]} 17. Be4 {[%clk 0:47:09]} Qf6 {[%clk 0:35:36]} 18. Bb1
{[%clk 0:47:06]} cxd5 {[%clk 0:34:23]} 19. Nxd5 {[%clk 0:38:47]} Nxd5
{[%clk 0:34:45]} 20. Qxd5 {[%clk 0:38:24]} Bc6 {[%clk 0:33:55]} 21. Qd3
{[%clk 0:38:43]} Rfd8 {[%clk 0:33:05]} 22. Qh7+ {[%clk 0:39:04]} Kf8
{[%clk 0:33:31]} 23. Nc4 {[%clk 0:39:03]} Rd4 {[%clk 0:24:12]} 24. Ne5
{[%clk 0:34:55]} Rd2 {[%clk 0:20:59]} 25. Bf5 {[%clk 0:30:31]} Re8
{[%clk 0:16:48]} 26. Ng4 {[%clk 0:19:18]} Qxb2 {[%clk 0:14:45]} 27. Rxe8+
{[%clk 0:12:22]} Bxe8 {[%clk 0:12:28]} 28. Rc8 {[%clk 0:10:58]} Qd4
{[%clk 0:10:03]} 29. Ne3 {[%clk 0:09:42]} Qa1+ {[%clk 0:05:34]} 30. Bb1
{[%clk 0:08:38]} Qf6 {[%clk 0:04:43]} 31. Nf5 {[%clk 0:08:17]} Re2
{[%clk 0:04:07]} 32. Bd3 {[%clk 0:07:55]} Re1+ {[%clk 0:02:25]} 33. Kg2
{[%clk 0:08:15]} a6 {[%clk 0:02:32]} 34. Be4 {[%clk 0:07:30]} Qg6
{[%clk 0:01:25]} 35. Rxe8+ {[%clk 0:07:28]} Kxe8 {[%clk 0:01:47]} 36. Nxg7+
{[%clk 0:07:47]} 1-0

[Event "Russian Team Championships 2014 (women)"]
[Site "Sochi (Loo)"]
[Date "2014.04.11"]
[Round "4.6"]
[White "Atalik, Ekaterina"]
[Black "Kovalevskaya, Ekaterina"]
[Result "1/2-1/2"]
[LiveChessVersion "1.4.2"]
[BlackElo "2424"]
[WhiteElo "2442"]
[BlackTeam "SHSM-Nashe nasledie"]
[WhiteTeam "Ladja"]

1. d4 {[%clk 1:30:59]} Nf6 {[%clk 1:30:54]} 2. c4 {[%clk 1:31:13]} e6
{[%clk 1:31:15]} 3. Nc3 {[%clk 1:30:39]} d5 {[%clk 1:30:12]} 4. Nf3 c5 5. cxd5
{[%clk 1:27:32]} cxd4 {[%clk 1:28:29]} 6. Qxd4 {[%clk 1:26:38]} exd5
{[%clk 1:28:33]} 7. Qa4+ {[%clk 1:16:51]} Nc6 {[%clk 1:19:59]} 8. Bg5
{[%clk 1:12:58]} Be7 {[%clk 1:13:07]} 9. e3 {[%clk 1:12:27]} h6 {[%clk 0:54:04]}
10. Bh4 {[%clk 1:11:54]} O-O {[%clk 0:54:27]} 11. Bb5 {[%clk 1:10:37]} Bd7
{[%clk 0:31:56]} 12. O-O {[%clk 1:09:30]} a6 {[%clk 0:29:42]} 13. Bxc6
{[%clk 1:08:42]} bxc6 {[%clk 0:24:26]} 14. Ne5 {[%clk 1:07:15]} Qc7
{[%clk 0:21:50]} 15. Nxd7 {[%clk 1:04:55]} Qxd7 {[%clk 0:22:18]} 16. Rfd1
{[%clk 1:04:27]} Rfd8 {[%clk 0:18:49]} 17. Rac1 {[%clk 1:03:19]} Rab8
{[%clk 0:15:14]} 18. Bxf6 {[%clk 0:56:53]} Bxf6 {[%clk 0:15:38]} 19. b3
{[%clk 0:57:10]} Qb7 {[%clk 0:13:19]} 20. Ne2 {[%clk 0:49:44]} Rbc8
{[%clk 0:13:37]} 21. b4 {[%clk 0:48:04]} Qb5 {[%clk 0:06:00]} 22. Qxb5
{[%clk 0:45:57]} cxb5 {[%clk 0:06:20]} 23. Kf1 {[%clk 0:45:28]} Rc4
{[%clk 0:04:39]} 24. Nf4 {[%clk 0:40:28]} Rdc8 {[%clk 0:02:17]} 25. Rxc4
{[%clk 0:40:33]} dxc4 {[%clk 0:02:39]} 26. Nd5 {[%clk 0:39:29]} c3
{[%clk 0:01:34]} 27. Ke2 {[%clk 0:35:26]} c2 {[%clk 0:01:59]} 28. Nxf6+
{[%clk 0:35:45]} gxf6 {[%clk 0:02:27]} 29. Rc1 {[%clk 0:36:09]} Rc4
{[%clk 0:02:53]} 30. Kd2 {[%clk 0:32:48]} Rxb4 {[%clk 0:03:17]} 31. Rxc2
{[%clk 0:32:19]} Rb1 {[%clk 0:01:32]} 32. Rc6 {[%clk 0:28:00]} Rb2+
{[%clk 0:01:54]} 33. Rc2 {[%clk 0:28:04]} Rb1 {[%clk 0:02:22]} 34. Rc6
{[%clk 0:23:11]} Rb2+ {[%clk 0:02:47]} 35. Rc2 {[%clk 0:23:24]} 1/2-1/2

[Event "Russian Team Championships 2014 (women)"]
[Site "Sochi (Loo)"]
[Date "2014.04.11"]
[Round "4.7"]
[White "Charochkina, Daria"]
[Black "Zaiatz, Elena"]
[Result "1/2-1/2"]
[LiveChessVersion "1.4.2"]
[BlackElo "2414"]
[WhiteElo "2380"]
[BlackTeam "Ladja"]
[WhiteTeam "SHSM-Nashe nasledie"]

1. d4 {[%clk 1:30:48]} Nf6 {[%clk 1:30:52]} 2. c4 {[%clk 1:31:13]} e6
{[%clk 1:31:17]} 3. Nc3 {[%clk 1:31:38]} Bb4 {[%clk 1:31:40]} 4. Qc2
{[%clk 1:32:00]} O-O {[%clk 1:31:59]} 5. a3 {[%clk 1:32:15]} Bxc3+
{[%clk 1:32:23]} 6. Qxc3 {[%clk 1:32:36]} b6 {[%clk 1:32:33]} 7. Bg5
{[%clk 1:32:58]} Bb7 {[%clk 1:32:49]} 8. e3 {[%clk 1:32:58]} d6 {[%clk 1:32:52]}
9. Ne2 {[%clk 1:33:08]} Nbd7 {[%clk 1:32:53]} 10. Qc2 {[%clk 1:33:30]} c5
{[%clk 1:32:52]} 11. Rd1 {[%clk 1:33:43]} Qc8 {[%clk 1:32:36]} 12. Nc3
{[%clk 1:32:54]} cxd4 {[%clk 1:32:29]} 13. Rxd4 {[%clk 1:31:53]} d5
{[%clk 1:32:39]} 14. cxd5 {[%clk 1:23:13]} Nxd5 {[%clk 1:20:26]} 15. Rc4
{[%clk 1:08:45]} Qb8 {[%clk 1:03:02]} 16. Bh4 {[%clk 1:04:18]} Nxc3
{[%clk 0:51:58]} 17. Bg3 {[%clk 0:54:22]} e5 {[%clk 0:47:04]} 18. Rxc3
{[%clk 0:51:52]} Qd6 {[%clk 0:39:13]} 19. Bb5 {[%clk 0:40:31]} Rac8
{[%clk 0:26:04]} 20. Bxd7 {[%clk 0:13:58]} Qxd7 {[%clk 0:26:11]} 21. Bxe5
{[%clk 0:14:09]} Qd5 {[%clk 0:18:50]} 22. f4 {[%clk 0:14:31]} f6 {[%clk 0:16:09]}
23. Bd4 {[%clk 0:12:14]} Rxc3 {[%clk 0:13:55]} 24. Bxc3 {[%clk 0:12:29]} Qxg2
{[%clk 0:09:42]} 25. Qxg2 {[%clk 0:12:41]} Bxg2 {[%clk 0:10:08]} 26. Rg1
{[%clk 0:13:09]} Bc6 {[%clk 0:08:17]} 27. Kf2 {[%clk 0:12:54]} Kf7
{[%clk 0:08:39]} 28. Rd1 {[%clk 0:13:11]} Rc8 {[%clk 0:08:49]} 29. Rd6
{[%clk 0:12:33]} Rc7 {[%clk 0:07:54]} 30. Rd4 {[%clk 0:10:38]} Rd7
{[%clk 0:07:31]} 31. Rxd7+ {[%clk 0:09:51]} Bxd7 {[%clk 0:07:56]} 32. e4
{[%clk 0:10:17]} g6 {[%clk 0:07:23]} 33. Ke3 {[%clk 0:10:25]} Ke6
{[%clk 0:07:47]} 34. Kd4 {[%clk 0:09:02]} Bc6 {[%clk 0:07:41]} 35. h4
{[%clk 0:09:11]} Bb7 {[%clk 0:07:28]} 36. Bd2 {[%clk 0:08:36]} Bc6
{[%clk 0:07:37]} 37. Bc3 {[%clk 0:08:20]} Bb7 {[%clk 0:07:55]} 38. Bd2
{[%clk 0:07:45]} Bc6 {[%clk 0:08:19]} 39. Bc3 {[%clk 0:07:53]} Kd5+ 1/2-1/2

[Event "Russian Team Championships 2014 (women)"]
[Site "Sochi (Loo)"]
[Date "2014.04.11"]
[Round "4.8"]
[White "Batsiashvili, Nino"]
[Black "Savina, Anastasia"]
[Result "1-0"]
[LiveChessVersion "1.4.2"]
[BlackElo "2389"]
[WhiteElo "2408"]
[BlackTeam "SHSM-Nashe nasledie"]
[WhiteTeam "Ladja"]

1. d4 {[%clk 1:30:58]} Nf6 {[%clk 1:30:54]} 2. c4 {[%clk 1:31:24]} g6
{[%clk 1:31:22]} 3. Nc3 {[%clk 1:31:50]} Bg7 {[%clk 1:31:38]} 4. e4
{[%clk 1:32:15]} d6 {[%clk 1:32:05]} 5. Be2 {[%clk 1:32:42]} O-O {[%clk 1:32:22]}
6. Bg5 {[%clk 1:33:08]} c5 {[%clk 1:32:10]} 7. d5 {[%clk 1:33:25]} h6
{[%clk 1:31:59]} 8. Be3 {[%clk 1:33:47]} e6 {[%clk 1:31:42]} 9. dxe6
{[%clk 1:34:06]} Bxe6 {[%clk 1:30:01]} 10. Qd2 {[%clk 1:32:00]} Kh7
{[%clk 1:27:11]} 11. h3 {[%clk 1:31:26]} Nc6 {[%clk 1:26:17]} 12. Nf3
{[%clk 1:31:47]} Na5 {[%clk 1:15:44]} 13. b3 b5 {[%clk 0:37:18]} 14. cxb5
{[%clk 0:53:46]} d5 {[%clk 0:27:04]} 15. e5 {[%clk 0:49:00]} d4 {[%clk 0:19:23]}
16. exf6 {[%clk 0:44:27]} Bxf6 {[%clk 0:19:44]} 17. Bxh6 {[%clk 0:39:24]} dxc3
{[%clk 0:19:14]} 18. Qxd8 {[%clk 0:38:40]} Rfxd8 {[%clk 0:15:36]} 19. Bg5
{[%clk 0:38:46]} Kg7 {[%clk 0:10:04]} 20. Bxf6+ {[%clk 0:38:23]} Kxf6
{[%clk 0:10:31]} 21. Rc1 {[%clk 0:37:52]} c4 {[%clk 0:09:01]} 22. b4
{[%clk 0:26:15]} Nb7 {[%clk 0:08:56]} 23. Rxc3 {[%clk 0:23:39]} Nd6
{[%clk 0:06:14]} 24. Nd4 {[%clk 0:22:46]} Ne4 {[%clk 0:02:31]} 25. Rf3+
{[%clk 0:23:02]} Bf5 {[%clk 0:01:58]} 26. Nc6 {[%clk 0:18:52]} Rd2
{[%clk 0:00:34]} 27. Bxc4 {[%clk 0:12:47]} Rc2 {[%clk 0:00:36]} 28. Bb3
{[%clk 0:13:08]} Rc1+ {[%clk 0:00:34]} 29. Bd1 {[%clk 0:13:36]} a6
{[%clk 0:00:33]} 30. g4 {[%clk 0:13:19]} axb5 {[%clk 0:00:33]} 31. gxf5
{[%clk 0:13:42]} Rxa2 {[%clk 0:00:33]} 32. fxg6+ {[%clk 0:13:47]} Kxg6
{[%clk 0:00:35]} 33. Ne5+ {[%clk 0:13:25]} Kh6 {[%clk 0:00:36]} 34. Ng4+
{[%clk 0:11:40]} Kh7 {[%clk 0:00:33]} 35. Ne3 {[%clk 0:11:35]} Nd2
{[%clk 0:00:34]} 36. Rxf7+ {[%clk 0:11:26]} Kg6 {[%clk 0:01:00]} 37. Rf4
{[%clk 0:11:45]} Nc4 {[%clk 0:00:51]} 38. Rg1+ {[%clk 0:11:48]} 1-0

[Event "Russian Team Championships 2014 (women)"]
[Site "Sochi (Loo)"]
[Date "2014.04.12"]
[Round "5.1"]
[White "Gunina, Valentina"]
[Black "Cmilyte, Viktorija"]
[Result "0-1"]
[LiveChessVersion "1.4.2"]
[BlackElo "2511"]
[WhiteElo "2508"]
[BlackTeam "Ugra"]
[WhiteTeam "SHSM-Nashe nasledie"]

1. d4 {[%clk 1:30:56]} Nf6 {[%clk 1:30:53]} 2. c4 {[%clk 1:31:20]} g6
{[%clk 1:31:17]} 3. Nf3 {[%clk 1:31:11]} Bg7 {[%clk 1:31:20]} 4. g3
{[%clk 1:31:28]} O-O {[%clk 1:31:01]} 5. Bg2 {[%clk 1:31:43]} c5 {[%clk 1:31:24]}
6. d5 {[%clk 1:30:14]} b5 {[%clk 1:23:51]} 7. cxb5 {[%clk 1:29:32]} a6
{[%clk 1:24:07]} 8. bxa6 {[%clk 1:28:58]} d6 {[%clk 1:24:13]} 9. O-O
{[%clk 1:29:03]} Nbd7 {[%clk 1:24:23]} 10. h3 {[%clk 1:28:27]} Nb6
{[%clk 1:24:19]} 11. Nc3 {[%clk 1:28:32]} Bxa6 {[%clk 1:24:09]} 12. Re1
{[%clk 1:28:49]} Nfd7 {[%clk 1:23:25]} 13. Qc2 {[%clk 1:24:41]} Bb7
{[%clk 1:16:44]} 14. e4 {[%clk 1:18:14]} Nc4 {[%clk 1:13:23]} 15. Bf1
{[%clk 1:05:45]} Ba6 {[%clk 1:09:06]} 16. Kg2 {[%clk 0:51:50]} Qa5
{[%clk 1:07:11]} 17. a4 {[%clk 0:47:44]} Rfb8 {[%clk 0:53:39]} 18. Nd1
{[%clk 0:44:44]} Nde5 {[%clk 0:48:22]} 19. Nxe5 {[%clk 0:41:13]} Bxe5
{[%clk 0:45:52]} 20. Bxc4 {[%clk 0:39:23]} Qxe1 {[%clk 0:40:16]} 21. Bxa6
{[%clk 0:28:05]} Rxa6 {[%clk 0:40:33]} 22. Qd3 {[%clk 0:28:25]} Qa5
{[%clk 0:34:21]} 23. Ne3 {[%clk 0:24:45]} Bd4 {[%clk 0:30:53]} 24. Nc4
{[%clk 0:24:33]} Qe1 {[%clk 0:26:13]} 25. Ne3 {[%clk 0:01:43]} Bxe3
{[%clk 0:25:14]} 26. fxe3 {[%clk 0:01:07]} Rab6 {[%clk 0:23:27]} 27. Qc2
{[%clk 0:00:39]} Rb3 {[%clk 0:23:02]} 28. Qf2 {[%clk 0:00:40]} Qd1
{[%clk 0:14:43]} 29. a5 {[%clk 0:01:04]} Qd3 {[%clk 0:15:07]} 30. Qf3
{[%clk 0:01:06]} Qc2+ {[%clk 0:15:31]} 31. Kg1 {[%clk 0:01:03]} Rd3
{[%clk 0:15:43]} 0-1

[Event "Russian Team Championships 2014 (women)"]
[Site "Sochi (Loo)"]
[Date "2014.04.12"]
[Round "5.2"]
[White "Pogonina, Natalija"]
[Black "Kovalevskaya, Ekaterina"]
[Result "1-0"]
[LiveChessVersion "1.4.2"]
[BlackElo "2424"]
[WhiteElo "2499"]
[BlackTeam "SHSM-Nashe nasledie"]
[WhiteTeam "Ugra"]

1. d4 {[%clk 1:30:57]} Nf6 {[%clk 1:30:44]} 2. c4 {[%clk 1:31:23]} e6
{[%clk 1:31:05]} 3. Nf3 {[%clk 1:31:46]} d5 {[%clk 1:31:23]} 4. g3
{[%clk 1:32:10]} c5 {[%clk 1:31:05]} 5. cxd5 {[%clk 1:26:16]} cxd4
{[%clk 1:22:12]} 6. Bg2 {[%clk 1:08:35]} Bb4+ {[%clk 1:15:13]} 7. Bd2
{[%clk 1:07:34]} Bxd2+ {[%clk 1:10:49]} 8. Qxd2 {[%clk 1:01:52]} exd5
{[%clk 1:09:20]} 9. O-O {[%clk 1:01:01]} O-O {[%clk 1:03:46]} 10. Nxd4
{[%clk 0:59:58]} Nc6 {[%clk 1:00:51]} 11. Nc3 {[%clk 0:56:36]} Be6
{[%clk 0:45:00]} 12. Nxc6 {[%clk 0:48:12]} bxc6 {[%clk 0:45:23]} 13. Na4
{[%clk 0:48:40]} Qe7 {[%clk 0:34:46]} 14. Rac1 {[%clk 0:42:24]} Rfc8
{[%clk 0:32:18]} 15. Nc5 {[%clk 0:38:16]} Rab8 {[%clk 0:27:53]} 16. b3
{[%clk 0:36:56]} Rb5 {[%clk 0:22:04]} 17. Qe3 {[%clk 0:32:31]} Ng4
{[%clk 0:15:11]} 18. Qd4 {[%clk 0:31:02]} Nh6 {[%clk 0:15:29]} 19. e4
{[%clk 0:25:23]} dxe4 {[%clk 0:11:58]} 20. Nxe6 {[%clk 0:21:39]} Qxe6
{[%clk 0:12:20]} 21. Qxe4 {[%clk 0:21:28]} Re5 {[%clk 0:02:51]} 22. Qa4
{[%clk 0:20:21]} c5 {[%clk 0:03:14]} 23. Qxa7 {[%clk 0:18:18]} Nf5
{[%clk 0:03:40]} 24. Bh3 {[%clk 0:14:37]} g6 {[%clk 0:04:05]} 25. Qb7
{[%clk 0:11:21]} Rd8 {[%clk 0:01:48]} 26. a4 {[%clk 0:07:16]} Rd3
{[%clk 0:02:02]} 27. b4 {[%clk 0:05:56]} cxb4 {[%clk 0:02:07]} 28. Qxb4
{[%clk 0:06:04]} Kg7 {[%clk 0:00:50]} 29. Rfe1 {[%clk 0:03:13]} Rxe1+
{[%clk 0:00:59]} 30. Rxe1 {[%clk 0:03:35]} Rb3 {[%clk 0:00:42]} 31. Bxf5
{[%clk 0:01:41]} Qd5 {[%clk 0:00:41]} 32. Be4 {[%clk 0:00:57]} 1-0

[Event "Russian Team Championships 2014 (women)"]
[Site "Sochi (Loo)"]
[Date "2014.04.12"]
[Round "5.3"]
[White "Kashlinskaya, Alina"]
[Black "Guseva, Marina"]
[Result "1-0"]
[LiveChessVersion "1.4.2"]
[BlackElo "2371"]
[WhiteElo "2423"]
[BlackTeam "Ugra"]
[WhiteTeam "SHSM-Nashe nasledie"]

1. d4 {[%clk 1:30:58]} d5 {[%clk 1:30:54]} 2. c4 {[%clk 1:31:23]} c6
{[%clk 1:31:21]} 3. Nc3 {[%clk 1:31:49]} Nf6 {[%clk 1:31:47]} 4. Nf3
{[%clk 1:32:13]} e6 {[%clk 1:32:12]} 5. Bg5 {[%clk 1:32:36]} Nbd7
{[%clk 1:32:38]} 6. e3 {[%clk 1:32:56]} Qa5 {[%clk 1:33:05]} 7. Nd2
{[%clk 1:33:11]} Bb4 {[%clk 1:33:29]} 8. Qc2 {[%clk 1:33:29]} O-O
{[%clk 1:33:52]} 9. Be2 {[%clk 1:33:47]} c5 {[%clk 1:34:18]} 10. Bf4
{[%clk 1:33:54]} cxd4 {[%clk 1:20:39]} 11. exd4 {[%clk 1:34:18]} Bxc3
{[%clk 1:14:07]} 12. bxc3 {[%clk 1:33:57]} Re8 {[%clk 1:14:22]} 13. O-O
{[%clk 1:33:52]} Qd8 {[%clk 1:08:08]} 14. Rfe1 {[%clk 1:18:50]} Nf8
{[%clk 0:58:34]} 15. Qb3 {[%clk 1:07:24]} b6 {[%clk 0:50:12]} 16. Bg5
{[%clk 1:05:34]} dxc4 {[%clk 0:49:35]} 17. Nxc4 {[%clk 1:01:25]} Bb7
{[%clk 0:49:58]} 18. Bf4 {[%clk 0:51:58]} Ng6 {[%clk 0:45:23]} 19. Bg3
{[%clk 0:49:34]} Bd5 {[%clk 0:45:06]} 20. Qb4 {[%clk 0:45:29]} Ne4
{[%clk 0:45:08]} 21. Ne3 {[%clk 0:42:13]} Nxg3 {[%clk 0:38:43]} 22. hxg3
{[%clk 0:42:34]} Bc6 {[%clk 0:31:38]} 23. Red1 {[%clk 0:35:21]} Qg5
{[%clk 0:31:21]} 24. c4 {[%clk 0:33:32]} h5 {[%clk 0:25:12]} 25. Bd3
{[%clk 0:32:45]} Ne7 {[%clk 0:21:32]} 26. a4 {[%clk 0:28:37]} Rab8
{[%clk 0:16:27]} 27. Rab1 {[%clk 0:16:03]} g6 {[%clk 0:12:45]} 28. Bc2
{[%clk 0:15:45]} Red8 {[%clk 0:10:19]} 29. Qa3 {[%clk 0:13:44]} Be8
{[%clk 0:09:32]} 30. Be4 {[%clk 0:11:53]} e5 {[%clk 0:06:14]} 31. d5
{[%clk 0:11:04]} Nf5 {[%clk 0:05:56]} 32. Bxf5 {[%clk 0:08:46]} gxf5
{[%clk 0:06:23]} 33. a5 {[%clk 0:09:01]} f4 {[%clk 0:04:33]} 34. gxf4
{[%clk 0:07:56]} exf4 {[%clk 0:04:34]} 35. Nf1 {[%clk 0:07:49]} b5
{[%clk 0:04:49]} 36. Nd2 {[%clk 0:06:02]} bxc4 {[%clk 0:04:14]} 37. Rxb8
{[%clk 0:06:18]} Rxb8 {[%clk 0:04:41]} 38. Nxc4 {[%clk 0:06:06]} Bb5
{[%clk 0:04:42]} 39. Qd6 {[%clk 0:03:07]} Re8 {[%clk 0:04:00]} 40. Nd2
{[%clk 0:31:00]} Be2 {[%clk 0:30:54]} 41. Re1 {[%clk 0:29:01]} Rd8
{[%clk 0:17:53]} 42. Qa3 {[%clk 0:27:58]} f3 {[%clk 0:18:16]} 43. Nxf3
{[%clk 0:28:11]} Bxf3 {[%clk 0:18:42]} 44. Qxf3 {[%clk 0:28:35]} Qxd5
{[%clk 0:13:28]} 45. Qf6 {[%clk 0:18:21]} Qxa5 {[%clk 0:07:40]} 46. Re7
{[%clk 0:11:51]} Qd5 {[%clk 0:05:58]} 47. g3 {[%clk 0:11:30]} h4 {[%clk 0:02:18]}
48. Re5 {[%clk 0:11:05]} Qd1+ {[%clk 0:02:28]} 49. Kg2 {[%clk 0:11:15]} hxg3
{[%clk 0:00:59]} 50. Qh6 {[%clk 0:06:57]} Qd5+ {[%clk 0:00:49]} 51. Rxd5
{[%clk 0:07:22]} Rxd5 {[%clk 0:01:16]} 52. Kxg3 {[%clk 0:07:20]} Rb5
{[%clk 0:01:31]} 53. Qd2 {[%clk 0:06:12]} Rb6 {[%clk 0:01:53]} 54. f4
{[%clk 0:06:21]} Kg7 {[%clk 0:01:21]} 55. f5 {[%clk 0:05:57]} f6 {[%clk 0:00:38]}
56. Qd7+ {[%clk 0:05:50]} Kg8 {[%clk 0:00:36]} 57. Qxa7 {[%clk 0:05:57]} 1-0

[Event "Russian Team Championships 2014 (women)"]
[Site "Sochi (Loo)"]
[Date "2014.04.12"]
[Round "5.4"]
[White "Shadrina, Tatiana"]
[Black "Charochkina, Daria"]
[Result "0-1"]
[LiveChessVersion "1.4.2"]
[BlackElo "2380"]
[WhiteElo "2355"]
[BlackTeam "SHSM-Nashe nasledie"]
[WhiteTeam "Ugra"]

1. e4 {[%clk 1:30:56]} c5 {[%clk 1:30:54]} 2. Nf3 {[%clk 1:31:19]} Nc6
{[%clk 1:31:20]} 3. d4 {[%clk 1:31:43]} cxd4 {[%clk 1:31:46]} 4. Nxd4
{[%clk 1:32:09]} Qb6 {[%clk 1:32:08]} 5. Nb3 {[%clk 1:31:29]} Nf6
{[%clk 1:32:29]} 6. Nc3 {[%clk 1:31:35]} e6 {[%clk 1:32:52]} 7. Bd3
{[%clk 1:26:25]} a6 {[%clk 1:30:24]} 8. O-O {[%clk 1:24:17]} d6 {[%clk 1:30:11]}
9. Be3 {[%clk 1:19:40]} Qc7 {[%clk 1:30:33]} 10. f4 {[%clk 1:19:53]} b5
{[%clk 1:30:44]} 11. Qf3 {[%clk 1:17:16]} Bb7 {[%clk 1:30:54]} 12. Qg3
{[%clk 1:13:47]} g6 {[%clk 1:28:01]} 13. f5 {[%clk 1:07:30]} gxf5
{[%clk 1:27:32]} 14. exf5 {[%clk 0:58:55]} Rg8 {[%clk 1:27:21]} 15. Qh3
{[%clk 0:57:59]} Ne5 {[%clk 1:16:54]} 16. Rf2 {[%clk 0:58:13]} Neg4
{[%clk 1:10:46]} 17. Re2 {[%clk 0:51:17]} e5 {[%clk 1:09:24]} 18. Nd2
{[%clk 0:32:25]} d5 {[%clk 1:07:13]} 19. Kh1 {[%clk 0:26:22]} O-O-O
{[%clk 0:52:47]} 20. Bg1 {[%clk 0:26:36]} e4 {[%clk 0:47:48]} 21. Ndxe4
{[%clk 0:24:22]} dxe4 {[%clk 0:47:52]} 22. Nxe4 {[%clk 0:24:48]} Nxe4
{[%clk 0:34:08]} 23. Bxe4 {[%clk 0:25:12]} Bc5 {[%clk 0:33:26]} 24. Bxc5
{[%clk 0:18:18]} Qxc5 {[%clk 0:33:30]} 25. Bxb7+ {[%clk 0:18:41]} Kxb7
{[%clk 0:33:57]} 26. Qf3+ {[%clk 0:19:01]} Kb8 {[%clk 0:31:39]} 27. h3
{[%clk 0:19:15]} Ne5 {[%clk 0:27:52]} 28. Qf4 {[%clk 0:18:43]} f6
{[%clk 0:28:05]} 29. Qh6 {[%clk 0:08:59]} Qc6 {[%clk 0:26:44]} 30. a4
{[%clk 0:08:47]} b4 {[%clk 0:24:37]} 31. a5 {[%clk 0:06:55]} Rd7 {[%clk 0:19:00]}
32. Rae1 {[%clk 0:04:27]} Rdg7 {[%clk 0:15:38]} 33. Qd2 {[%clk 0:04:14]} Ka8
{[%clk 0:14:58]} 34. Rf2 {[%clk 0:01:12]} Rg3 {[%clk 0:07:40]} 35. Re3
{[%clk 0:01:16]} Rxe3 {[%clk 0:07:49]} 36. Qxe3 {[%clk 0:01:42]} Rd8
{[%clk 0:07:46]} 37. Rd2 {[%clk 0:01:28]} Rc8 {[%clk 0:05:56]} 38. b3
{[%clk 0:01:02]} Rg8 {[%clk 0:03:55]} 39. Qf4 {[%clk 0:01:12]} Qc5
{[%clk 0:03:10]} 40. Qe4+ {[%clk 0:31:25]} Ka7 {[%clk 0:32:35]} 41. Qh4
{[%clk 0:23:25]} Rf8 {[%clk 0:23:08]} 42. Qxh7+ {[%clk 0:22:44]} Rf7
{[%clk 0:23:36]} 43. Qg8 {[%clk 0:21:08]} Qxa5 {[%clk 0:23:41]} 44. Qg3
{[%clk 0:13:45]} Qc5 {[%clk 0:20:02]} 45. Qf4 {[%clk 0:13:32]} Rd7
{[%clk 0:18:01]} 46. Rxd7+ {[%clk 0:12:39]} Nxd7 {[%clk 0:18:29]} 47. Qe4
{[%clk 0:11:23]} Ne5 {[%clk 0:16:25]} 48. h4 {[%clk 0:11:39]} Qd6
{[%clk 0:16:44]} 49. Qe2 {[%clk 0:09:01]} Qd4 {[%clk 0:16:08]} 50. g3
{[%clk 0:05:52]} Ng4 {[%clk 0:13:50]} 51. Qe7+ {[%clk 0:04:33]} Kb6
{[%clk 0:14:11]} 52. Qe6+ {[%clk 0:04:48]} Ka5 {[%clk 0:14:34]} 53. Qc6
{[%clk 0:03:02]} Qd1+ {[%clk 0:11:43]} 54. Kg2 {[%clk 0:03:28]} Ne3+
{[%clk 0:12:10]} 55. Kf2 {[%clk 0:00:48]} Qd2+ {[%clk 0:12:32]} 56. Kg1
{[%clk 0:01:06]} Qe1+ {[%clk 0:12:50]} 57. Kh2 {[%clk 0:01:10]} Qf2+
{[%clk 0:13:06]} 0-1